000 00769nam a2200229 u 4500
001 000023188
003 DO-SdBNP
005 20240529114208.0
008 101130s1978 fr r 000 0 spa d
020 _a9233015254
040 _aDO-SdBNP
_bspa
_cBNPHU
082 _a301.24
_bU56i
110 2 _aUnesco
_919805
245 1 0 _aIdeas para la acción :
_bla Unesco frente a los problemas de oy y el reto del mañana /
_cOrganización de las Naciones Unidas para la Educación, la Ciencia y la Cultura.
260 _a[Paris] :
_bUnesco,
_c1978.
300 _a392 p. ;
_c24 cm.
650 0 _aCambio social
_91661
650 0 _aProblemas sociales
_99290
650 4 _aTecnología y civilización
_94626
650 4 _aSociología de la educación
_97856
942 _2ddc
_cLBS1
999 _c22685
_d22685